| 000 | 00573nam a2200169Ia 4500 | ||
|---|---|---|---|
| 005 | 20250326141218.0 | ||
| 008 | 250326s9999 xx 000 0 und d | ||
| 037 | _aTextbook | ||
| 040 |
_aFMSL _beng _cFMSL |
||
| 041 |
_aeng _2eng |
||
| 084 |
_aX:51.1N5p N5;1 _qFMSL |
||
| 245 | 0 | _aProceedings of the international conference on globalisation and the market economy: The challenges of change December, 28,29,30, 1995 | |
| 260 |
_aNew Delhi _bNew Delhi, S K Sachdeva _c1995 |
||
| 300 | _a715p | ||
| 942 |
_cTB _hX:51.1N5p N5;1 |
||
| 999 |
_c1289250 _d1289250 |
||